Plan de mejora en el área de producción de la empresa Ebanistería Hernández ubicada en la ciudad de Estelí KM 154 ½ carretera Panamericana norte, Los Chilamates Estelí
El presente proyecto tiene como finalidad inducir a la empresa ‘’Ebanistería Hernández’’ en el proceso de auto mejora, así mismo determinar los procedimientos por los cuales se conseguirá dicho propósito. La empresa está ubicada en la ciudad de Estelí KM 154 ½ carretera Panamericana Norte, Lo...
| Main Authors: | , , |
|---|---|
| Other Authors: | |
| Format: | Tesis Section = Libro |
| Language: | Undetermined Spanish |
| Published: |
Managua
UNI
2012
|
| Subjects: |
| LEADER | 01386nam a2200277Ia 4500 | ||
|---|---|---|---|
| 008 | 240830s9999 xx 000 0 und d | ||
| 040 | |a BIBLIOTECA-RUPAP T.Mon 658.533 H557 | ||
| 041 | |a spa | ||
| 082 | |a T.Mon 658.533 H557 | ||
| 100 | 1 | |a Hernández Picado, Deyanira, | |
| 100 | 1 | |b Rivera Tinoco, José Noel | |
| 100 | 1 | |c Vanegas Gaitán, Joel Josué | |
| 245 | 1 | 0 | |a Plan de mejora en el área de producción de la empresa Ebanistería Hernández ubicada en la ciudad de Estelí KM 154 ½ carretera Panamericana norte, Los Chilamates Estelí |
| 260 | |a Managua |b UNI |c 2012 | ||
| 300 | |a 106 p. :il. | ||
| 500 | |a Contiene: anexos e Incluye: CD. | ||
| 502 | |a Tesis (Ingeniero Industrial)- UNI, 2012. | ||
| 520 | 3 | |a El presente proyecto tiene como finalidad inducir a la empresa ‘’Ebanistería Hernández’’ en el proceso de auto mejora, así mismo determinar los procedimientos por los cuales se conseguirá dicho propósito. La empresa está ubicada en la ciudad de Estelí KM 154 ½ carretera Panamericana Norte, Los Chilamates Estelí. | |
| 650 | 7 | |a CONTROL DE CALIADD-PRODUCTOS | |
| 650 | 7 | |b CONTROL DE CALIDAD DE LA PRODUCCION | |
| 650 | 7 | |c ADMINISTRACION DE LA PRODUCCION | |
| 650 | 7 | |d EBANISTERIA-CARPINTERIA –MADERA-INDUSTRIA Y COMERCIO | |
| 700 | 1 | |a Tutor: |b Velásquez Vargas, Glenda Marcia | |
| 942 | |c BK |2 ddc | ||
| 991 | |a TESIS | ||
| 999 | |c 18666 | ||